• 首页
  • 本馆介绍
  • 公告通知
  • 最新文献
  • 馆藏检索
  • 电子资源
  • 读者导购
  • 参考咨询
  • 我的图书馆
  • 登录
  • 详细信息显示
  • 放入我的书架
  • 预约/预借图书
  • 作者相关作品
  • 分类相关作品
  • 丛书相关作品
  • 出版社相关作品

书目信息

  • 表格格式
  • 工作单格式
  • 卡片格式
题名:
电子技术工艺基础
    
 
作者: 孟贵华 主编
分册:  
出版信息: 北京   电子工业出版社  2001.04
页数: 199页
开本: 26cm
丛书名:
单 册:
中图分类: TN05-43
科图分类:
主题词: 电子设备--生产工艺 , 电子设备
电子资源:
ISBN: 7-5053-3593-6
000 00593nam0 2200205 45
001 0334925729
005 2003092609420503
010    @a7-5053-3593-6@dRMB 12.50
100    @a20030926d2001 km y0chiy0120 ea
101 0  @achi
102    @aCN@b110000
200 1  @a电子技术工艺基础@Adian zi ji shu gong yi ji chu@f孟贵华主编@Fmeng gui hua zhu bian
210    @a北京@c电子工业出版社@d2001.04
215    @a199页@d26cm
606 0  @a电子设备@x生产工艺
606 0  @a电子设备
690    @aTN05-43@v3
701  0 @a孟贵华@Ameng gui hua@4主编
801  0 @aCN@bPFT@c20030926
905    @aBZT@dTN05-43@e1-2@f3
    
    电子技术工艺基础/孟贵华主编.-北京:电子工业出版社,2001.04
    199页;26cm
    
    
    ISBN 7-5053-3593-6:RMB 12.50
    
●
相关链接 在五车中查询图书 在当当中查询图书 在豆瓣中查询图书


正题名:电子技术工艺基础     索取号:TN05-43/1-2         预约/预借

序号 登录号 条形码 馆藏地/架位号 状态 备注
1 0351366   200333433   教材工具书阅览室/工1架B面2层5列/ [索取号:TN05-43/1-2] 在馆    
2 0351367   200333406   教材工具书阅览室/工1架B面2层5列/ [索取号:TN05-43/1-2] 在馆    
3 0351368   200333415   教材工具书阅览室/工1架B面2层5列/ [索取号:TN05-43/1-2] 在馆    
山东省滨州职业学院图书馆 欢迎您!
大连网信软件有限公司© 版权所有